|
|
|
|
| LEADER |
00769cam a2200229 7i4500 |
| 001 |
0000018876 |
| 005 |
20170218090000.0 |
| 008 |
071121 eng |
| 020 |
|
|
|a 0538847573 (hbk.)
|
| 040 |
|
|
|a UNiSEL
|
| 090 |
0 |
0 |
|a HB171.5
|b .H36 1998
|
| 100 |
1 |
|
|a Hall, Robert E
|
| 245 |
1 |
0 |
|a Economics :
|b principles and applications
|c Robert E. Hall, Marc Lieberman.
|
| 260 |
|
|
|a Cincinnati, OH:
|b South-Western,
|c 1998.
|
| 300 |
|
|
|a 1v. (various pagings):
|b col. ill.;
|c 26 cm.
|
| 500 |
|
|
|a Includes index
|
| 650 |
0 |
0 |
|a Economics
|
| 700 |
1 |
|
|a Lieberman, Marc
|
| 997 |
|
|
|a Business & Accountancy, Faculty
|
| 998 |
|
|
|a Administration Management, Diploma
|
| 998 |
|
|
|a Business Management, Diploma
|
| 999 |
|
|
|a 0000028423
|b BOK
|c OPEN SHELF
|e 1st Floor, Shah Alam
|